00722nam a22002411 450000100060000000300080000600500170001400800390003103500190007004000310008904100080012008200200012810000400014824500760018826000370026430000210030149000390032250000210036150400300038265000140041265000090042683000450043529754BD-RjUL20211209051444.0140407s1943 nyu b 010 0 eng a(BD-RjUL)29839 aDLCcWadDLCdBD-RjULbeng aeng00a616.8bGIP 19431 aGillespie, Robert Dick,d1897-1945.10aPsychological effects of war on citizen and soldier /cR. D. Gillespie. aNew York :bW. W. Norton,c1942. a251 p. ;c21 cm.1 aThomas W. Salmon memorial lectures a"First edition." aBibliography: p. 245-250. 0aNeuroses. 0aWar. 0aThomas William Salmon memorial lectures.